000 003700000a22001090004500
090 _aAS
_bSeriadas
245 1 0 _aContribución al conocimiento de los ofidios de Colombia
041 0 _aEspañol
100 1 _aNicéforo María, Hermano
_999776
942 _cARTICULO
773 1 _tRevista de la Academia Colombiana de Ciencias Exactas, Físicas y Naturales
_h28
_q517-518
_d1950
_g7
999 _c15494
_d15494